000 00309nam a2200121Ia 4500
008 190216s9999||||xx |||||||||||||| ||und||
100 _aBright J A & Mcgregor G P
245 0 _aTeaching English As A Second Language
260 _bLongmans
_c1976
300 _a283p
650 _aEnglish Story
942 _cBK
999 _c12719
_d12719